Statistics for Φαγητά που αρχίζουν από Φ (με εικόνες)

Click here to take the quiz!

General Stats

  • This quiz has been taken 127 times
  • The average score is 11 of 17

Answer Stats

Answer% Correct
Φασολάκια
96%
Φράουλα
96%
Φέτα
96%
Φρυγανιά
88%
Φακές
88%
Φάβα
79%
Φραπές
79%
Φουντούκι
71%
Φιστίκια
65%
Φαλάφελ
64%
Φύκια
61%
Φραγκόσυκο
58%
Φινόκιο
54%
Φρούτο του πάθους
38%
Φουά γκρα
33%
Φοντύ
31%
Φραγκοστάφυλο
19%

Score Distribution

Percentile by Number Answered

Percent of People with Each Score

Your Score History

You have not taken this quiz